[Event "HUN-chT2 Barcza 0910"]
[Site "Hungary"]
[Date "2009.11.22"]
[Round "2.2"]
[White "Adam, Zoltan"]
[Black "Borsavolgyi, Tamas"]
[Result "0-1"]
[WhiteElo "1916"]
[BlackElo "2296"]
[PlyCount "82"]
[EventDate "2009.11.08"]
[EventType "team-tourn"]
[EventRounds "11"]
[EventCountry "HUN"]
[SourceTitle "EXT 2011"]
[Source "ChessBase"]
[SourceDate "2010.11.26"]
[SourceVersion "1"]
[SourceVersionDate "2010.11.26"]
[SourceQuality "1"]
[WhiteTeam "Miskolc"]
[BlackTeam "HSSE"]
[WhiteTeamCountry "HUN"]
[BlackTeamCountry "HUN"]

1. d3 d5 2. Nf3 g6 3. c3 Bg7 4. Nbd2 Nf6 5. e4 Nc6 6. e5 Nd7 7. d4 f6 8. exf6 exf6 9. Bd3 Qe7+ 10. Qe2 Kf7 11. Qxe7+ Nxe7 12. Nf1 Re8 13. Bf4 c6 14. h4 Nf8 15. 0-0-0 Bf5 16. Ne1 Ne6 17. Bd2 Bf8 18. Bxf5 Nxf5 19. g4 Nd6 20. h5 Nc4 21. hxg6+ hxg6 22. Rh7+ Bg7 23. Nd3 Rh8 24. Rxh8 Rxh8 25. Ne3 Nxd2 26. Kxd2 Rh3 27. Ke2 Bh6 28. Nf1 Bf4 29. f3 Bd6 30. Kf2 Ng5 31. Ne1 Bf4 32. Kg2 a5 33. Rd3 a4 34. b3 axb3 35. axb3 Rh8 36. c4 Ra8 37. Rc3 Bd6 38. Nd2 Ne6 39. Rc2 Nxd4 40. Rb2 Bb4 41. cxd5 Bc3 0-1

[Event "Eger Osz op"]
[Site "Eger"]
[Date "2009.10.25"]
[Round "6"]
[White "Hajnal, Gyula"]
[Black "Adam, Zoltan"]
[Result "1-0"]
[WhiteElo "2065"]
[BlackElo "1916"]
[PlyCount "105"]
[EventDate "2009.10.22"]
[EventType "swiss"]
[EventRounds "7"]
[EventCountry "HUN"]
[SourceTitle "EXT 2011"]
[Source "ChessBase"]
[SourceDate "2010.11.26"]
[SourceVersion "1"]
[SourceVersionDate "2010.11.26"]
[SourceQuality "1"]

1. c4 e6 2. Nc3 d5 3. cxd5 exd5 4. d4 Nf6 5. e3 c6 6. Bd3 Bd6 7. h3 0-0 8. Nf3 Re8 9. 0-0 Nbd7 10. b3 Ne4 11. Bb2 Ndf6 12. Qc2 h6 13. Rad1 Ng5 14. Nxg5 hxg5 15. Bf5 g4 16. h4 g3 17. Bxc8 Qxc8 18. fxg3 Bxg3 19. Rf3 Qg4 20. Ne2 Bxh4 21. Rdf1 Bg5 22. Bc1 Qe6 23. Rh3 Bh6 24. Nf4 Qe4 25. Qf2 Bxf4 26. Qxf4 Qxf4 27. Rxf4 Re4 28. Rff3 Rae8 29. Rhg3 Ng4 30. Bd2 g6 31. Rh3 Kg7 32. Rh4 Nf6 33. Rh1 Rh8 34. Rxh8 Kxh8 35. Rxf6 Kg7 36. Rd6 Re7 37. Kf2 Rc7 38. Ke2 b6 39. Kd3 Kf8 40. Rf6 Ke7 41. Rf3 Ke6 42. Be1 Rd7 43. Bh4 f5 44. Bg3 Rh7 45. Rf1 Rh5 46. Rc1 Kd7 47. Be5 Rh7 48. b4 b5 49. a4 a6 50. axb5 axb5 51. Ra1 Kc8 52. Ra8+ Kb7 53. Rg8 1-0

[Event "Eger Osz op"]
[Site "Eger"]
[Date "2009.10.22"]
[Round "1"]
[White "Adam, Zoltan"]
[Black "Meszaros, Andras"]
[Result "1-0"]
[WhiteElo "1916"]
[BlackElo "2336"]
[PlyCount "121"]
[EventDate "2009.10.22"]
[EventType "swiss"]
[EventRounds "7"]
[EventCountry "HUN"]
[SourceTitle "EXT 2011"]
[Source "ChessBase"]
[SourceDate "2010.11.26"]
[SourceVersion "1"]
[SourceVersionDate "2010.11.26"]
[SourceQuality "1"]

1. d3 e5 2. Nf3 Nc6 3. c3 d6 4. e4 Nf6 5. Be2 g6 6. a4 Bg7 7. Na3 0-0 8. h4 d5 9. Bg5 dxe4 10. Bxf6 Bxf6 11. dxe4 Qxd1+ 12. Rxd1 a6 13. Nd2 Kg7 14. Nc2 Ne7 15. Ne3 h5 16. g4 hxg4 17. Bxg4 Rh8 18. Nf3 Bxg4 19. Nxg4 Nc6 20. Ke2 Rad8 21. Rxd8 Rxd8 22. Rd1 Rxd1 23. Kxd1 Be7 24. Ngxe5 Nxe5 25. Nxe5 Bxh4 26. f3 Be7 27. Ke2 Kf6 28. Nd3 Ke6 29. b3 Kd6 30. c4 Bf6 31. Kf1 Bd4 32. Ke2 Ke6 33. Nf4+ Ke5 34. Nd3+ Kf6 35. Kf1 Kg5 36. Kg2 Kh4 37. Nc1 Be5 38. Nd3 Bd6 39. c5 Bf8 40. c6 b5 41. axb5 axb5 42. Nf4 Bd6 43. Nd5 Kg5 44. Kf2 Kh4 45. f4 f6 46. Kf3 g5 47. Nxf6 Bxf4 48. Ng4 Bd6 49. e5 Bc5 50. Nf6 Be7 51. Nd5 Bd8 52. e6 g4+ 53. Kg2 Kg5 54. e7 Bxe7 55. Nxe7 Kf6 56. Nd5+ Ke5 57. Nxc7 Kd6 58. Nxb5+ Kxc6 59. Na3 Kd5 60. Nc2 Ke4 61. Kg3 1-0

[Event "HUN-chT2 Barcza 0809"]
[Site "Hungary"]
[Date "2008.11.30"]
[Round "3.7"]
[White "Balogh, Laszlo"]
[Black "Adam, Zoltan"]
[Result "1/2-1/2"]
[WhiteElo "2239"]
[BlackElo "1923"]
[PlyCount "78"]
[EventDate "2008.10.26"]
[EventType "team-tourn"]
[EventRounds "11"]
[EventCountry "HUN"]
[SourceTitle "EXT 2010"]
[Source "ChessBase"]
[SourceDate "2010.11.25"]
[SourceVersion "1"]
[SourceVersionDate "2010.11.25"]
[SourceQuality "1"]
[WhiteTeam "Nyiregyhaza"]
[BlackTeam "Miskolc EMSE II"]
[WhiteTeamCountry "HUN"]
[BlackTeamCountry "HUN"]

1. d4 d5 2. Bg5 Nd7 3. Nf3 Ngf6 4. Nbd2 e6 5. e3 Bd6 6. Bd3 e5 7. e4 exd4 8. 0-0 dxe4 9. Nxe4 Be7 10. Nxf6+ Nxf6 11. Nxd4 Bg4 12. Qd2 0-0 13. Nf5 Bxf5 14. Bxf5 Qxd2 15. Bxd2 Rad8 16. Rad1 Rd5 17. Bd3 Rfd8 18. Rde1 Kf8 19. h3 a6 20. Ba5 R8d7 21. Be2 Bc5 22. Bf3 R5d6 23. Rd1 Rxd1 24. Rxd1 Rxd1+ 25. Bxd1 Nd5 26. Bd2 Bd4 27. c3 Be5 28. g3 f5 29. Kg2 Ke7 30. Bc2 g6 31. Kf3 c5 32. a3 c4 33. g4 Kf6 34. h4 Ke6 35. Bg5 Nf6 36. gxf5+ gxf5 37. Bd2 Nd7 38. Be3 Nf6 39. Bc1 Nd5 1/2-1/2

[Event "HUN-chT2 Barcza 0708"]
[Site "Hungary"]
[Date "2008.05.18"]
[Round "11"]
[White "Csatlos, Bela"]
[Black "Adam, Zoltan"]
[Result "1-0"]
[WhiteElo "2121"]
[BlackElo "1939"]
[PlyCount "143"]
[EventDate "2007.10.14"]
[EventType "team"]
[EventRounds "11"]
[EventCountry "HUN"]
[SourceTitle "EXT 2009"]
[Source "ChessBase"]
[SourceDate "2008.11.26"]
[SourceVersion "1"]
[SourceVersionDate "2008.11.26"]
[SourceQuality "1"]
[WhiteTeam "Kazincbarcika II"]
[BlackTeam "Miskolc II"]
[WhiteTeamCountry "HUN"]
[BlackTeamCountry "HUN"]

1. d4 d5 2. Nf3 Nf6 3. Bf4 c5 4. e3 Nc6 5. c3 Qb6 6. Qb3 c4 7. Qxb6 axb6 8. Nbd2 Bf5 9. a3 e6 10. Nh4 b5 11. Nxf5 exf5 12. Rc1 h6 13. h3 Ne4 14. Be2 g5 15. Bh2 h5 16. Bd1 Kd7 17. Bc2 Ke6 18. f3 Nf6 19. e4 fxe4 20. fxe4 Bh6 21. e5 Nd7 22. g4 hxg4 23. hxg4 Bg7 24. 0-0 Raf8 25. Rce1 Ke7 26. Nf3 Bh6 27. Bf5 Nd8 28. Re2 Ne6 29. Ne1 Nb8 30. Ng2 Nc6 31. Ne3 Nc7 32. Bc2 Nd8 33. Rf6 Rfg8 34. Rxh6 Rxh6 35. Nf5+ Kd7 36. Nxh6 Rh8 37. Nf5 Nde6 38. Rf2 Nd8 39. Bg3 Ke6 40. Ng7+ Ke7 41. Nf5+ Ke8 42. Bd1 Kd7 43. Bf3 Rh7 44. Ne3 Kc6 45. Rh2 Rxh2 46. Bxh2 Nde6 47. Nc2 Na6 48. Kf2 Nf8 49. Nb4+ Nxb4 50. axb4 Nd7 51. Bd1 Nb6 52. Kf3 Kd7 53. Bc2 Ke7 54. Ke2 Kf8 55. Kd2 Kg7 56. Bf5 Kf8 57. e6 fxe6 58. Bxe6 Ke7 59. Bf5 Nd7 60. Bxd7 Kxd7 61. Ke3 Ke6 62. Kf3 Kf6 63. Bg1 Kg6 64. Be3 Kf6 65. Bxg5+ Kxg5 66. Kg3 b6 67. Kf3 Kg6 68. Kf4 Kf6 69. g5+ Kg6 70. Kg4 Kg7 71. Kf5 Kf7 72. Ke5 1-0

[Event "Eger Tavasz op"]
[Site "Eger"]
[Date "2008.05.03"]
[Round "5"]
[White "Adam, Zoltan"]
[Black "Kovacs, David"]
[Result "1-0"]
[WhiteElo "1918"]
[BlackElo "2137"]
[PlyCount "55"]
[EventDate "2008.05.01"]
[EventType "swiss"]
[EventRounds "7"]
[EventCountry "HUN"]
[SourceTitle "EXT 2011"]
[Source "ChessBase"]
[SourceDate "2010.11.26"]
[SourceVersion "1"]
[SourceVersionDate "2010.11.26"]
[SourceQuality "1"]

1. e4 e6 2. d4 d5 3. Nc3 Nf6 4. e5 Nfd7 5. Nce2 c5 6. c3 Nc6 7. f4 Be7 8. Nf3 cxd4 9. cxd4 f6 10. Nc3 Qb6 11. a3 0-0 12. Na4 Qc7 13. Bd3 fxe5 14. fxe5 Nxd4 15. Nxd4 Qxe5+ 16. Be2 Bh4+ 17. g3 Qe4 18. Rg1 Bf6 19. Nf3 d4 20. Qd3 Qd5 21. Qc4 Qf5 22. Nxd4 Bxd4 23. Qxd4 Nf6 24. Rf1 Qh3 25. Qh4 Qg2 26. Nc3 Bd7 27. Bd2 Rac8 28. Bf3 1-0